|
|
|
|
| LEADER |
01212cam a2200289 7i4500 |
| 001 |
0000035974 |
| 005 |
20190418090000.0 |
| 007 |
##ta |
| 008 |
190418s2018 mau eng |
| 040 |
# |
# |
|a MATR
|
| 090 |
0 |
0 |
|a M 333.7511025
|b TIM
|
| 110 |
2 |
# |
|a Malaysia
|
| 245 |
1 |
0 |
|a TEAM DIRECTORY 2018-2020
|c The Timber Exporters' Association of Malaysia (TEAM).
|
| 264 |
# |
1 |
|a Kuala Lumpur:
|b The Timber Exporters' Association of Malaysia (TEAM),
|c 2018.
|
| 300 |
# |
# |
|a 177 pages:
|b illustrations;
|c 21 cm.
|
| 336 |
# |
# |
|a text
|2 rdacontent
|
| 337 |
# |
# |
|a unmediated
|2 rdamedia
|
| 338 |
# |
# |
|a volume
|2 rdacarrier
|
| 650 |
# |
0 |
|a Timber --
|x Exporters --
|z Malaysia
|
| 650 |
# |
0 |
|a Timber --
|z Malaysia
|
| 999 |
|
|
|a JHR000465H
|b Directories
|c Malaysia
|e MATRADE Southern Regional Office
|
| 999 |
|
|
|a 0000040522
|b Directories
|c Malaysia
|e Business Information Centre
|
| 999 |
|
|
|a 0000040523
|b Directories
|c Malaysia
|e Business Information Centre
|
| 999 |
|
|
|a PNG001173H
|b Directories
|c Malaysia
|e MATRADE Northern Regional Office
|
| 999 |
|
|
|a SBH001143H
|b Directories
|c Malaysia
|e MATRADE Sabah
|
| 999 |
|
|
|a SRW000569H
|b Directories
|c Malaysia
|e MATRADE Sarawak
|
| 999 |
|
|
|a TRG000453H
|b Directories
|c Malaysia
|e MATRADE Eastern Regional Office
|